000 00602nam a2200229Ia 4500
003 OSt
005 20221007070823.0
006 a|||||r|||| 00| 0
007 ta
008 221006b |||||||| |||| 00| 0 eng d
024 _a19,438
037 _cTextual
040 _aFLL
_cFLL
_beng
041 _2eng
_aeng
082 _aZ:X:5, K5
100 _aGanong Carey Kierstead
_9687753
245 0 _aLaw and society
260 _aIllinois
_bRichard D. Irwin, Inc. USA
_c1965
300 _a164p
_ccm.
942 _hZ:X:5, K5
_cTEXL
_2CC
999 _c1141618
_d1141618